Video game consoles part 2 - Statistics

General Stats
  • This quiz has been taken 27 times
  • The average score is 11 of 15
Answer Stats
Company, year Video game console % Correct
Sony, 1995 Playstation
100%
Sony, 2000 Playstation 2
100%
Microsoft, 2001 Xbox
100%
Nintendo, 1996 Nintendo 64
96%
Nintendo, 2002 Gamecube
91%
Nintendo, 1998 Gameboy color
87%
Sega, 1999 Sega Dreamcast
83%
Sega, 1995 Sega Saturn
83%
Nintendo, 2001 Gameboy advance
74%
Atari, 1994 Atari Jaguar
70%
Sega, 1991 Game Gear
70%
The 3DO company, 1994 3DO Interactive Multi-player
65%
Nintendo, 1994 Virtual boy
57%
Philips, 1991 Philips CD-i
52%
Vtech, 2000 V-smile
9%
No matching quizzes found
Score Distribution
Percent of People with Each Score
Percentile by Number Answered
Your Score History
You have not taken this quiz